000
00283nam a22001217a 4500
082
_a
671 DIE
100
_a
SEHN, FRANCIS.J
_9
57281
245
_a
DIE DESIGN HANDBOOK
260
_a
NEW YORK
_b
MCGRAW HILL
_c
1955
300
_a
555P
650
_a
DIE DESIGN HANDBOOK
_9
57282
942
_c
BK
999
_c
567577
_d
567577